000 00514nam a22001817a 4500
999 _c147183
_d147183
005 20181129114325.0
010 _aENG-121229
020 _c200.00
_a9789350451403
035 _aEN-104761
037 _bDBAD/PUB
082 _a881
100 _a Bhoil,Shelly
245 _aAn ember from her pyre /
_cby Shelly Bhoil
260 _aCalcutta
_bA Writers Workshop Publication
_c2016
270 _a162/92 Lake Gardens
_bCalcutta
_e700045
300 _a96p.
_c22cm(Hb)
942 _2ddc
_cEN
_h881
_mBHA